| 000 | 004490000a22001690004500 | ||
|---|---|---|---|
| 003 | MACL | ||
| 005 | 20150705140502.0 | ||
| 008 | 150705b xxu||||| |||| 00| 0 eng d | ||
| 040 |
_aMACL _cMACL |
||
| 041 | _aEnglish | ||
| 100 |
_aMadan, T.N. _9574 |
||
| 245 |
_aNon-Renunciation _bTheme And Interpretations Of Hindu Culture |
||
| 260 |
_bOxford University Press _c1987 _aNew Delhi |
||
| 350 | _a120 | ||
| 650 |
_aSociology _919 |
||
| 942 |
_cBK _k306 _2ddc |
||
| 999 |
_c6305 _d6305 |
||